000 00829nam a2200241 a 4500
001 BRCA_7319
005 20190320205807.0
008 100712s1850----gw-a######---#000-0#ger-#
041 _ager
044 _agw
050 4 _aQH365
_b.D37 1850
100 1 _aDarwin, Charles
_d1809-1882
_q(Charles Robert Darwin)
_918099
245 1 0 _aDie Entstehung der Arten durch natürliche Zuchtwahl oder die Erhaltung der bevorzugten Rassen im Kampfe ums Dasein
_cvon Charles Darwin ; aus dem englischen übersetzt von David Haek.
260 _aLeipzig, Alemania
_bPhilipp Reclam
_c[1850?]
300 _a701 p.
_bil.
_c15 cm.
500 _aN4
650 1 4 _aEvolución
_916651
650 1 4 _aEvolución (Biología)
_918100
650 1 4 _aSelección natural
_918101
700 1 _aHaek, David
_eTraductor
_918102
902 _aGFM
942 _2lcc
_cB
999 _c6995
_d6995